000
00299nam a2200121Ia 4500
008
190216s9999||||xx |||||||||||||| ||und||
100
_a
Lakshmi Narayan Gupta
245
0
_a
Hindi - Sree Madhra Gavadra Geeth
260
_b
Reliance Pub: House
_c
1998
300
_a
304
650
_a
Hindi
942
_c
BK
999
_c
16123
_d
16123